| 000 | 00886nam a22002057a 4500 | ||
|---|---|---|---|
| 999 |
_c63260 _d63260 |
||
| 005 | 20250709151246.0 | ||
| 008 | 250709s2018 en ||||| |||| 00| 0 eng d | ||
| 020 | _a987654321 X | ||
| 041 | _aeng | ||
| 080 | _a582 P-71 | ||
| 245 |
_aPlant systematics : a phylogenetic approach / _cAuthors: Walter S. Judd ; Christopher S. Campbell; Elizabeth Anne Kellogg ; Peter F. Stevens ; Peter F. Stevens ; Michael J.Donoghue |
||
| 250 | _aFourth edition | ||
| 264 |
_aOxford : _bOxford University Press, _c2018. |
||
| 300 |
_axvi, 677 pages.: _bill; |
||
| 653 | _aPlant systematics : a phylogenetic approach | ||
| 653 | _aმცენარეთა სისტემატიკა: ფილოგენეტიკური მიდგომა | ||
| 700 |
_aJudd, Walter S. _97297 |
||
| 700 |
_aCampbell , Christopher S. _eand others _923609 |
||
| 942 |
_2udc _cBK |
||